000 00455nam a22001817a 4500
003 OSt
005 20210823103638.0
008 210823b |||||||| |||| 00| 0 eng d
020 _a1563083744
040 _cHU
082 _22nd
_a070.4/CAT/1997
100 _aCates Jo A.
_9146
245 _aJournalism A Guide to the Reference L
250 _a2nd
260 _aEnglewood Colorado
_bLibraris Unlimited, Inc.
_c1997
300 _a317
942 _2ddc
_cBOOKS
_n0
999 _c157
_d157